[Event "Eastern Asia-ch U20"]
[Site "Tagaytay CIty"]
[Date "2017.06.02"]
[Round "7.10"]
[White "Labanda, Jarvey"]
[Black "Palasigue, Gal Brien"]
[Result "1/2-1/2"]
[WhiteElo "1761"]
[BlackElo "1999"]
[PlyCount "131"]
[EventDate "2017.05.27"]
[EventType "swiss"]
[EventRounds "9"]
[EventCountry "PHI"]
[SourceTitle "EXT 2024"]
[Source "ChessBase"]
[SourceDate "2023.10.10"]
[SourceVersion "1"]
[SourceVersionDate "2023.10.10"]
[SourceQuality "1"]

1. d4 Nf6 2. Nf3 g6 3. Bf4 Bg7 4. e3 d6 5. Be2 0-0 6. 0-0 a5 7. c4 Bf5 8. Nc3 Na6 9. Rc1 c5 10. h3 h6 11. Bh2 g5 12. Qb3 Qc8 13. Na4 Nd7 14. Bd3 Bxd3 15. Qxd3 Nb4 16. Qb3 f5 17. Rfd1 Kh8 18. dxc5 Nxc5 19. Nxc5 Qxc5 20. a3 Na6 21. Qxb7 Ra7 22. Qb5 Rb8 23. Qxc5 Nxc5 24. b4 axb4 25. axb4 Rxb4 26. h4 Ne4 27. hxg5 hxg5 28. Nd4 Bxd4 29. Rxd4 Ra2 30. c5 dxc5 31. Rd7 Kg8 32. Rxe7 Nxf2 33. Be5 Rh4 34. Bh2 Re4 35. Rd7 Ng4 36. Bg3 Nxe3 37. Bf2 Ng4 38. Bxc5 Nf6 39. Rb7 Rae2 40. Bb4 Nd5 41. Rc8+ Re8 42. Rxe8+ Rxe8 43. Bd2 f4 44. Kf2 Nf6 45. Kf3 Rd8 46. Bxf4 gxf4 47. Kxf4 Nd7 48. g4 Kf7 49. Kf5 Ke7 50. Rb5 Rf8+ 51. Kg5 Ke6 52. Ra5 Rg8+ 53. Kf4 Rf8+ 54. Kg5 Rf2 55. Ra6+ Kf7 56. Ra7 Rd2 57. Ra5 Rd4 58. Rf5+ Kg7 59. Rf4 Rd3 60. Kf5 Nf8 61. Re4 Ng6 62. g5 Rd5+ 63. Kg4 Nf8 64. Kh5 Nh7 65. Re7+ Kg8 66. Kh6 1/2-1/2

[Event "Eastern Asia-ch U20"]
[Site "Tagaytay CIty"]
[Date "2017.05.28"]
[Round "2.8"]
[White "De Leon, Haince Patrick"]
[Black "Palasigue, Gal Brien"]
[Result "1-0"]
[WhiteElo "1741"]
[BlackElo "1999"]
[PlyCount "160"]
[EventDate "2017.05.27"]
[EventType "swiss"]
[EventRounds "9"]
[EventCountry "PHI"]
[SourceTitle "EXT 2024"]
[Source "ChessBase"]
[SourceDate "2023.10.10"]
[SourceVersion "1"]
[SourceVersionDate "2023.10.10"]
[SourceQuality "1"]

1. d4 Nf6 2. Nf3 g6 3. Bg5 Bg7 4. Nbd2 0-0 5. e4 d5 6. exd5 Nxd5 7. c3 Qd6 8. Bc4 Qe6+ 9. Qe2 Qxe2+ 10. Bxe2 h6 11. Be3 a5 12. 0-0 a4 13. a3 Nc6 14. Nc4 Nxe3 15. Nxe3 e5 16. dxe5 Nxe5 17. Nd5 c6 18. Nxe5 cxd5 19. Nf3 Rd8 20. Rad1 Be6 21. Rd2 Bf6 22. Nd4 Kg7 23. f4 Rd6 24. Bd1 Rb6 25. Rff2 Bd7 26. Bf3 Ra5 27. g3 Rc5 28. h4 g5 29. hxg5 hxg5 30. Bh5 Bc8 31. Kh1 Rc7 32. Bd1 Bd7 33. Nf3 g4 34. Nd4 Rc4 35. f5 Be5 36. Bxg4 Kf6 37. Kg2 Bc6 38. Be2 Rc5 39. Bd1 Ra5 40. g4 Ra8 41. Rde2 Rg8 42. Re3 Bc7 43. Rh3 Be5 44. Kf3 Re8 45. Rh6+ Kg5 46. Rh5+ Kf6 47. Rh6+ Kg7 48. g5 f6 49. Rg6+ Kf7 50. gxf6 Rh8 51. Rfg2 Rh3+ 52. Kg4 Rh7 53. Rg7+ Rxg7+ 54. fxg7 Bxg7 55. Rh2 Bd7 56. Kf4 Kf6 57. Bf3 Bf8 58. Kg4 Rd6 59. Rh5 Be8 60. Rh8 Kg7 61. Rh1 Kf6 62. Ne6 Be7 63. Kf4 Rxe6 64. fxe6 Kxe6 65. Rh6+ Bf6 66. Bxd5+ Kxd5 67. Rxf6 b5 68. Ke3 Kc4 69. Kd2 Kb3 70. Kc1 Bd7 71. Rf4 Ka2 72. Rb4 Be8 73. Kc2 Bc6 74. Kd2 Be8 75. c4 bxc4 76. Kc3 Bd7 77. Rxc4 Kb1 78. b3 axb3 79. Kxb3 Be6 80. a4 Ka1 1-0

[Event "Eastern Asia-ch U20"]
[Site "Tagaytay CIty"]
[Date "2017.05.27"]
[Round "1.9"]
[White "Palasigue, Gal Brien"]
[Black "Pangilinan, Stephen Rome"]
[Result "0-1"]
[WhiteElo "1999"]
[BlackElo "2065"]
[PlyCount "52"]
[EventDate "2017.05.27"]
[EventType "swiss"]
[EventRounds "9"]
[EventCountry "PHI"]
[SourceTitle "EXT 2024"]
[Source "ChessBase"]
[SourceDate "2023.10.10"]
[SourceVersion "1"]
[SourceVersionDate "2023.10.10"]
[SourceQuality "1"]

1. d4 d5 2. c4 c6 3. Nc3 Nf6 4. Nf3 dxc4 5. a4 Bf5 6. e3 Nbd7 7. Bxc4 e6 8. 0-0 Bd6 9. h3 0-0 10. Re1 e5 11. e4 Bg6 12. Bg5 Bh5 13. g4 Bg6 14. Qd2 Qc7 15. Rac1 Bb4 16. Qd3 exd4 17. Qxd4 Bc5 18. Qd2 Qg3+ 19. Kh1 Qxf3+ 20. Kh2 Ne5 21. Bxf6 Qxf6 22. Qe2 Nxc4 23. Qxc4 Qxf2+ 24. Kh1 Qf3+ 25. Kh2 Bf2 26. Rg1 Rad8 0-1